000 00728cam a2200217 4500
001 WB3616-30
008 000000n2000 000 0 eng u
035 _a(Sirsi) u105480
245 _aWestbury to use pre-built homes
260 _c2000
490 _aFinancial Times
_v17 April 2000, 26
490 _aSunday Times
_v23 April 2000, 5.17(2)
520 _aWestbury is to spend nearly £10m to enter the market for factory-manufactured components, halving the time it takes to build a typical house. Sunley Estates are also working on a similar project.
590 _aWB
650 _aHOUSE BUILDING
650 _aPREFABRICATION
650 _aWESTBURY
650 0 _aSUNLEY ESTATES
690 _aHOUSING
942 _n0
999 _c63197
_d63197